000 00745nam a2200253 a 4500
001 BRCA_341
005 20190320202952.0
008 920117s1991 enka---##b---#001-0#eng-#
020 _a0571144675
040 _aDLC
_cDLC
050 4 _aNK4399
_b.B7A3 1991
100 1 _aAdams, B. Elizabeth
_91132
245 1 0 _aBow Porcelain
_cElizabeth Adams and David Redstone.
250 _a2
260 _aBoston
_bFaber and Faber
_c1991
300 _a257 p.
_bil. (algunas a color)
_c26 cm.
440 0 _aThe Faber Monographs on Pottery and Porcelain
_91070
500 _aDonación Consejo Británico
504 _aBibliografía: p. 243-247
650 1 4 _aPorcelana del arco
_91133
700 1 _aRedstone, David
_91134
902 _aDCB
942 _2lcc
_cB
999 _c278
_d278